| 000 | 00452nam a22001697a 4500 | ||
|---|---|---|---|
| 005 | 20241109145751.0 | ||
| 008 | 241109b |||||||| |||| 00| 0 eng d | ||
| 020 | _a9788170121558 | ||
| 100 | _aSarathi Vepa P. | ||
| 245 | _aInterpretation of Statutes | ||
| 250 | _a4th Edition | ||
| 260 |
_aLucknow, India _bEastern Book Company _c2003 |
||
| 300 |
_alx, 776 pages _c24 cm |
||
| 500 | _aIncludes Index | ||
| 650 |
_2Statutes _vIndia |
||
| 942 |
_2ddc _cBK _n0 |
||
| 999 |
_c963 _d963 |
||